Restoring Lorentz Invariance in Classical N=2 String; Nuclear Physics B; Vol. 606, № 1-2
| Parent link: | Nuclear Physics B.— , 1967- Vol. 606, № 1-2.— 2001.— P. 119-136 |
|---|---|
| Autor Principal: | |
| Outros autores: | |
| Summary: | We study classical N=2 string within the framework of the N=4 topological formalism by Berkovits and Vafa. Special emphasis is put on the demonstration of a classical equivalence of the theories and the construction of an action for the N=4 topological string. The SO(2,2) Lorentz invariance missing in the conventional Brink--Schwarz action for the N=2 string is restored in the N=4 topological action. В фонде НТБ ТПУ отсутствует |
| Idioma: | inglés |
| Publicado: |
2001
|
| Subjects: | |
| Formato: | MixedMaterials Capítulo de libro |
| KOHA link: | https://koha.lib.tpu.ru/cgi-bin/koha/opac-detail.pl?biblionumber=596434 |
MARC
| LEADER | 00000naa0a2200000 4500 | ||
|---|---|---|---|
| 001 | 596434 | ||
| 005 | 20250407150047.0 | ||
| 035 | |a (RuTPU)RU\TPU\tpu\19252 | ||
| 090 | |a 596434 | ||
| 100 | |a 20110210d2001 k||y0rusy50 ba | ||
| 101 | 0 | |a eng | |
| 102 | |a NL | ||
| 200 | 1 | |a Restoring Lorentz Invariance in Classical N=2 String |f S. Bellucci, A. V. Galajinsky | |
| 330 | |a We study classical N=2 string within the framework of the N=4 topological formalism by Berkovits and Vafa. Special emphasis is put on the demonstration of a classical equivalence of the theories and the construction of an action for the N=4 topological string. The SO(2,2) Lorentz invariance missing in the conventional Brink--Schwarz action for the N=2 string is restored in the N=4 topological action. | ||
| 333 | |a В фонде НТБ ТПУ отсутствует | ||
| 461 | |t Nuclear Physics B |d 1967- | ||
| 463 | |t Vol. 606, № 1-2 |v P. 119-136 |d 2001 | ||
| 610 | 1 | |a труды учёных ТПУ | |
| 700 | 1 | |a Bellucci |b S. |g Stefano | |
| 701 | 1 | |a Galajinsky |b A. V. |c Doctor of Physical and Mathematical Sciences, Tomsk Polytechnic University (TPU), Department of Higher Mathematics and Mathematical Physics of the Institute of Physics and Technology (HMMPD IPT) |c Professor of the TPU |f 1971- |g Anton Vladimirovich |3 (RuTPU)RU\TPU\pers\27878 |9 12894 | |
| 801 | 1 | |a RU |b 63413507 |c 20110210 | |
| 801 | 2 | |a RU |b 63413507 |c 20160315 |g RCR | |
| 942 | |c CR | ||